[Event "Bratto op-C 35th"]
[Site "Bratto"]
[Date "2015.08.25"]
[Round "3.7"]
[White "Andolfatto, Maria"]
[Black "Giovannini, Stefano"]
[Result "1/2-1/2"]
[WhiteElo "1634"]
[BlackElo "1757"]
[PlyCount "42"]
[EventDate "2015.08.23"]
[EventType "swiss"]
[EventRounds "8"]
[EventCountry "ITA"]
[SourceTitle "EXT 2022"]
[Source "ChessBase"]
[SourceDate "2021.10.06"]
[SourceVersion "1"]
[SourceVersionDate "2021.10.06"]
[SourceQuality "1"]

1. Nf3 d5 2. b3 Nf6 3. Bb2 g6 4. e3 Bg7 5. c4 c6 6. Nc3 0-0 7. d4 Bg4 8. Be2 e6 9. 0-0 Nbd7 10. h3 Bxf3 11. Bxf3 Re8 12. cxd5 exd5 13. Rc1 Nf8 14. Ba3 Ne6 15. Na4 Nd7 16. Nc5 Ndxc5 17. Bxc5 Nxc5 18. Rxc5 Bf8 19. Rc2 Ba3 20. Qd3 Qa5 21. Rb1 Qb4 1/2-1/2

[Event "Bratto op-C 35th"]
[Site "Bratto"]
[Date "2015.08.24"]
[Round "2.7"]
[White "Giovannini, Stefano"]
[Black "Cattoni, Luca"]
[Result "1/2-1/2"]
[WhiteElo "1757"]
[BlackElo "1624"]
[PlyCount "61"]
[EventDate "2015.08.23"]
[EventType "swiss"]
[EventRounds "8"]
[EventCountry "ITA"]
[SourceTitle "EXT 2022"]
[Source "ChessBase"]
[SourceDate "2021.10.06"]
[SourceVersion "1"]
[SourceVersionDate "2021.10.06"]
[SourceQuality "1"]

1. Nf3 e6 2. g3 d5 3. Bg2 Nf6 4. d3 Be7 5. 0-0 0-0 6. Nbd2 c6 7. Re1 Qc7 8. e4 dxe4 9. dxe4 e5 10. h3 Rd8 11. Qe2 h6 12. b3 Be6 13. Bb2 Nbd7 14. Rad1 Bb4 15. a3 Bc5 16. Nc4 Bxc4 17. Qxc4 Re8 18. b4 Bf8 19. Qb3 Rac8 20. c4 c5 21. b5 b6 22. h4 Rcd8 23. Bh3 Qb7 24. Bxd7 Rxd7 25. Rxd7 Nxd7 26. Qc3 Bd6 27. Qd3 Bb8 28. Nh2 Nf6 29. Nf1 Qc8 30. Kg2 Rd8 31. Qc2 1/2-1/2

[Event "ITA-ch U20"]
[Site "Porto San Giorgio"]
[Date "2004.08.28"]
[Round "9"]
[White "Giovannini, Stefano"]
[Black "Finocchiaro, Gianluca"]
[Result "1/2-1/2"]
[WhiteElo "1712"]
[BlackElo "1538"]
[PlyCount "65"]
[EventDate "2004.08.20"]
[EventType "swiss"]
[EventRounds "9"]
[EventCountry "ITA"]
[SourceTitle "EXT 2005"]
[Source "ChessBase"]
[SourceDate "2004.11.15"]
[SourceVersion "1"]
[SourceVersionDate "2004.11.15"]
[SourceQuality "1"]

1. d4 Nf6 2. c4 g6 3. Nc3 Bg7 4. e4 d6 5. Nf3 0-0 6. Be2 e5 7. d5 a5 8. 0-0 Na6 9. Ne1 Nc5 10. f3 Ne8 11. Be3 b6 12. Nd3 Ba6 13. Nxc5 bxc5 14. Qd2 f5 15. Bh6 f4 16. Bxg7 Nxg7 17. a3 Qb8 18. Rfb1 Qa7 19. Kh1 Rab8 20. Bd3 Rb3 21. Bc2 Rbb8 22. b3 Bc8 23. Nb5 Qb6 24. b4 axb4 25. axb4 Bd7 26. bxc5 Qxc5 27. Bd3 Bxb5 28. cxb5 Rb7 29. h3 Nh5 30. Ra6 Qd4 31. Rb4 Ng3+ 32. Kh2 Nf1+ 33. Kh1 1/2-1/2

[Event "ITA-ch U20"]
[Site "Porto San Giorgio"]
[Date "2004.08.21"]
[Round "2"]
[White "Giovannini, Stefano"]
[Black "Santagati, Alessandro"]
[Result "0-1"]
[WhiteElo "1712"]
[BlackElo "2176"]
[PlyCount "102"]
[EventDate "2004.08.20"]
[EventType "swiss"]
[EventRounds "9"]
[EventCountry "ITA"]
[SourceTitle "EXT 2005"]
[Source "ChessBase"]
[SourceDate "2004.11.15"]
[SourceVersion "1"]
[SourceVersionDate "2004.11.15"]
[SourceQuality "1"]

1. d4 Nf6 2. c4 e6 3. Nc3 d5 4. Bg5 c6 5. Nf3 dxc4 6. e3 Bb4 7. Bxc4 Qa5 8. Qc2 Ne4 9. Qxe4 Bxc3+ 10. Ke2 Bxb2 11. Rab1 Qc3 12. Qd3 Qxd3+ 13. Bxd3 Ba3 14. Bf4 0-0 15. Ne5 f6 16. Nc4 Be7 17. Rhc1 Nd7 18. Bd6 Re8 19. Bxe7 Rxe7 20. Nd6 Nb6 21. e4 e5 22. dxe5 Rxe5 23. Kf1 Kf8 24. f3 Ke7 25. Nc4 Nxc4 26. Rxc4 Re6 27. Rd4 Rd6 28. Rxd6 Kxd6 29. Ke2 b6 30. Bc4 b5 31. Bg8 c5 32. Rd1+ Kc7 33. Bxh7 Be6 34. Bf5 Bxf5 35. exf5 c4 36. Rb1 Kc6 37. Kd2 Kc5 38. Kc2 Re8 39. Kd1 c3 40. a3 a5 41. h4 Kc4 42. g4 b4 43. axb4 axb4 44. Ra1 b3 45. Ra7 c2+ 46. Kd2 Rd8+ 47. Ke2 Rd1 48. Rc7+ Kb4 49. Rb7+ Ka3 50. Rxg7 c1Q 51. Ra7+ Kb2 0-1